| 000 | 01561nac a22004217a 4500 | ||
|---|---|---|---|
| 001 | BR8200740 | ||
| 003 | BR-BrBNA | ||
| 005 | 20240105115231.0 | ||
| 008 | 230509b bl.|||m| |||| 00| 0 por d | ||
| 040 |
_aBR-BrBNA _bpor _cBiblioteca Nacional de Agricultura |
||
| 072 | _aF00; H10; H20 | ||
| 090 | _a1410 BR8200740 | ||
| 100 | 1 | _aSartorato, A. | |
| 100 | 1 | _aAquino, A.R.L. de | |
| 100 | 1 | _aConto, A.J. de | |
| 100 | 1 | _aSeijas, C.A.R. | |
| 100 | 1 | _aOliveira, I.P. de | |
| 100 | 1 | _aKluthcouski, J. | |
| 100 | 1 | _aRocha, J.A.M. | |
| 100 | 1 | _aYokoyama, M. | |
| 100 | 1 | _aSilveira, P.M. da | |
| 100 | 1 | _aGuazzelli, R.J. | |
| 110 | 1 | _aCentro Nacional de Pesquisa em Arroz e Feijao, Goiania, GO (Brasil) | |
| 245 | 1 | _aRecomendacoes tecnicas para a cultura de feijao com irrigacao suplementar [Phaseolus vulgaris; Cultura irrigada; Pratica cultural; Praga de planta; Doenca de planta; Brasil] | |
| 246 | 1 | _a[Technical recommendations for bean crop with additional irrigation [Phaseolus vulgaris; Irrigated crop; Cultural practice; Pest of plant; Plant disease; Brazil]] | |
| 260 | 3 |
_aGoiania, GO (Brasil): _c1982. |
|
| 300 | _a22 p. | ||
| 490 |
_aCircular Tecnica - Centro Nacional de Pesquisa em Arroz e Feijao (Brazil) _vno. 16 _xISSN 0100-8382 |
||
| 500 | _a17 illus.; 6 ref. | ||
| 650 | _aCultivo do solo | ||
| 650 | _aPraga de planta | ||
| 650 | _aDoenca de planta | ||
| 650 | _aFeijao | ||
| 650 | _aPratica cultural | ||
| 650 | _aCultura irrigada | ||
| 909 |
_a202312 _bLúcia Elande _c55 _dLúcia Elande |
||
| 942 |
_2AGRIS _n0 _cMS |
||
| 999 |
_c273788 _d273788 |
||